| 000 | 00428nam a2200109Ia 4500 | ||
|---|---|---|---|
| 008 | 170221s9999 xx 000 0 und d | ||
| 100 | _aAndreou, Panayiotis C. | ||
| 245 | _aBank Liquidity Creation and Risk-Taking: Does Managerial Ability Matter? (pages 226–259) | ||
| 245 | _cPanayiotis C. Andreou, Dennis Philip and Peter Robejsek | ||
| 650 | _xBusiness | ||
| 856 | _uhttp://onlinelibrary.wiley.com/doi/10.1111/jbfa.12169/epdf | ||
| 999 |
_c307450 _d307450 |
||